| 000 | 00800cam a2200193 i 4500 | ||
|---|---|---|---|
| 001 | 000019182 | ||
| 005 | 20200929165938.0 | ||
| 008 | 780213s1976 ve a f000 0 spa | ||
| 040 |
_aDO-SdBNP _bspa _cBNPHU |
||
| 110 | 1 |
_aVenezuela _919804 |
|
| 240 | 1 | 0 | _aLeyes, etc. |
| 245 | 1 | 0 |
_aReal cedula de Intendencia de Ejercito y Real Hacienda, diciembre 8 de 1776 / _cestudio preliminar, Gisela Morazzani Perez-Enciso. |
| 260 |
_aCaracas : _bPresidencia de la Republica, _bBanco Central de Venezuela, _c1976. |
||
| 300 |
_a128 p. : ; _c23 cm. |
||
| 500 | _a200 Bicentenario de la integración de Venezuela | ||
| 504 | _aIncluye referencias bibliográficas y notas al pie de las páginas | ||
| 610 | 1 | 0 |
_bIntendencia de Ejercito y Real Hacienda. _941291 |
| 700 | 2 |
_aMorazzani de Perez Enciso, Gisela. _941292 |
|
| 999 |
_c18700 _d18700 |
||